Reflexiones en torno a lo no - dicho en la historia de Costa Rica : fuentes documentales y enfoques metodológicos /

Gespeichert in:
Bibliographische Detailangaben
1. Verfasser: Ibarra Rojas, Eugenia
Format: Unbekannt
Sprache:Spanish
Schlagworte:
Tags: Tag hinzufügen
Keine Tags, Fügen Sie den ersten Tag hinzu!

MARC

LEADER 000000000a22000000004500
001 007771
041 0 |a spa 
100 1 |a Ibarra Rojas, Eugenia 
245 1 0 |a Reflexiones en torno a lo no - dicho en la historia de Costa Rica :   |b fuentes documentales y enfoques metodológicos /   |c Eugenia Ibarra Rojas. 
310 |a Semestral 
650 4 |a AMERICA 
650 4 |a DESCUBRIMIENTO Y EXPLORACIONES 
650 4 |a COSTA RICA 
650 4 |a HISTORIA 
650 4 |a HISTORIOGRAFIA 
773 0 |d San José, Costa Rica : Editorial de la Universidad de Costa Rica  |t Herencia  |g volumen 3, número 1/2 (1991), páginas 151-159 
942 |c ARC 
999 |c 14645  |d 14645